000 00725nam a2200241 a 4500
008 951122s1986||||[C 0 slo c
020 _c26 Kčs.
_q(18500 výtl.)
040 _aSNK
_bslo
_cSNK
_eAACR2
041 1 _aslo
_hita
080 _a850-3
100 1 _aStrati, Saverio
_4aut
245 1 0 _aSatanáš
_cSaverio Strati ; Blahoslav Hečko, Blahoslav Hečko, Adela Jakabová
250 _a1., vyd.
260 _aBratislava
_bPravda
_c1986
_eBratislava
_fPravda
300 _a209 s., 12,17 AH
_c20 cm
490 0 _aMaják
500 _aIlustr. na front. a predsádkach.
700 1 _aHečko, Blahoslav
_4trl
700 1 _aHečko, Blahoslav
_4[ADC]
700 1 _aJakabová, Adela
_4bkd
044 _axo
_cSK
958 _aA
999 _c12320
_d12320